[Event "Master's Open turnament"]
[Site "SchemingMind.com"]
[Date "2015.09.02"]
[Round "-"]
[White "Stephen Woodhouse"]
[Black "Ramesh Panwar"]
[Result "0-1"]
[WhiteCountry "ENG"]
[BlackCountry "IND"]
[WhiteElo "1881"]
[WhiteRD "49"]
[BlackElo "2402"]
[BlackRD "60"]
[GameID "386921"]

1. e4 e5 2. Nf3 Nc6 3. d4 exd4 4. Nxd4 Nf6 5. Nc3 Bb4 6. Nxc6 bxc6 7. Bd3 O-O 8. O-O Re8 9. Bg5 h6 10. Bh4 d6
11. f4 Bb7 12. Ne2 Qe7 13. Ng3 Qe6 14. Bxf6 Qxf6 15. c3 Bc5+ 16. Kh1 Bb6 17. Qg4 Bc8 18. Qf3 Be6 19. Rae1 Bxa2 20. e5 dxe5
21. fxe5 Qxf3 22. Rxf3 Rad8 23. Nf5 h5 24. Ng3 h4 25. Nf5 Bd5 26. Rh3 Be6 27. Be4 Bxf5 28. Bxf5 Rxe5
0-1

[Event "Master's Open turnament"]
[Site "SchemingMind.com"]
[Date "2015.09.02"]
[Round "-"]
[White "Ramesh Panwar"]
[Black "Stephen Woodhouse"]
[Result "1-0"]
[WhiteCountry "IND"]
[BlackCountry "ENG"]
[WhiteElo "2402"]
[WhiteRD "60"]
[BlackElo "1881"]
[BlackRD "49"]
[GameID "386922"]

1. Nf3 e6 2. d4 d5 3. g3 c5 4. Bg2 Nc6 5. O-O Nf6 6. c4 Be7 7. dxc5 Bxc5 8. a3 a5 9. cxd5 Qxd5 10. Nc3 Qxd1
11. Rxd1 Bd7 12. Bg5 O-O-O 13. b4 axb4 14. axb4 Bxb4 15. Ra8+ Kc7 16. Bf4+ Kb6 17. Be3+ Kc7 18. Nb5#
1-0

[Event "Master's Open turnament"]
[Site "SchemingMind.com"]
[Date "2015.09.02"]
[Round "-"]
[White "opto"]
[Black "Stephen Woodhouse"]
[Result "0-1"]
[WhiteCountry "CAN"]
[BlackCountry "ENG"]
[WhiteElo "1761"]
[WhiteRD "77"]
[BlackElo "1881"]
[BlackRD "49"]
[GameID "386928"]

1. e4 e6 2. d4 d5 3. exd5 exd5 4. Nf3 Bd6 5. c4 c6 6. cxd5 cxd5 7. Bb5+ Bd7 8. Bxd7+ Qxd7 9. O-O Ne7 10. Nc3 O-O
11. Bg5 h6 12. Bh4 Nbc6 13. Re1 Rfe8 14. Rc1 Nf5 15. Rxe8+ Rxe8 16. h3 Bb8 17. a3 Ncxd4 18. Nxd4 Nxh4 19. Nf3 Nxf3+ 20. Qxf3 d4
21. Qd3 Qc7 22. g3 dxc3 23. Rxc3 Qe5 24. Qd2 Qe1+ 25. Qxe1 Rxe1+ 26. Kg2 Kf8 27. Kf3 Be5 28. Rb3 b6 29. Rb5 f6 30. b3 Ke7
31. Rd5 Rc1 32. Ke4 Rc3 33. Rd3 Rxd3 34. Kxd3 Ke6 35. Kc4 a6 36. a4 Bd6 37. b4 Ke5 38. b5 a5 39. f3 Bc5 40. h4 Bf2
41. f4+ Ke4
0-1

[Event "Master's Open turnament"]
[Site "SchemingMind.com"]
[Date "2015.09.02"]
[Round "-"]
[White "Stephen Woodhouse"]
[Black "opto"]
[Result "1-0"]
[WhiteCountry "ENG"]
[BlackCountry "CAN"]
[WhiteElo "1881"]
[WhiteRD "49"]
[BlackElo "1761"]
[BlackRD "77"]
[GameID "386929"]

1. e4 c5 2. c3 d5 3. exd5 Qxd5 4. d4 cxd4 5. cxd4 Nc6 6. Nf3 Bg4 7. Nc3 Bxf3 8. gxf3 Qxd4 9. Qxd4 Nxd4 10. Nb5 Nc2+
11. Kd1 Nxa1 12. Nc7+ Kd7 13. Nxa8 e5 14. Be3 Kc6 15. Bxa7 Nf6 16. Be3 Nd5 17. Bc4 Nxe3+ 18. fxe3 Bc5 19. Kd2 b5 20. Bd3 Nb3+
21. axb3 Rxa8 22. Be4+ Kd6 23. Bxa8 f6 24. Ra1 Bb4+ 25. Kd3 Kc5 26. Ra7
1-0

[Event "Master's Open turnament"]
[Site "SchemingMind.com"]
[Date "2015.09.02"]
[Round "-"]
[White "opto"]
[Black "Ramesh Panwar"]
[Result "1/2-1/2"]
[WhiteCountry "CAN"]
[BlackCountry "IND"]
[WhiteElo "1761"]
[WhiteRD "77"]
[BlackElo "2402"]
[BlackRD "60"]
[GameID "386930"]

1. e4 e5 2. Nf3 Nc6 3. Bb5 a6 4. Bxc6 dxc6 5. O-O Bf5 6. exf5 Nh6 7. Nxe5 Bd6 8. d4 Nxf5 9. Re1 O-O 10. Qd3 Bxe5
11. dxe5 Qxd3 12. cxd3 Rad8 13. Rd1 Rfe8 14. f4 Re7 15. a4 Nd4 16. Ra3 f6 17. exf6 gxf6 18. Nc3 Nc2 19. Rb3 b6 20. Kf2 a5
21. Rd2 Nd4 22. Ra3 Rde8 23. Ne4 Kf7 24. g4 c5 25. Rc3 Rd8 26. b3 h6 27. Rb2 Rg8 28. h3 f5 29. gxf5 Nxf5 30. Re2 Nd4
31. Re1 Nc6 32. Rg1 Rxg1 33. Kxg1 Nb4 34. Kf2 Rd7 35. Ke3=
1/2-1/2

[Event "Master's Open turnament"]
[Site "SchemingMind.com"]
[Date "2015.09.02"]
[Round "-"]
[White "Ramesh Panwar"]
[Black "opto"]
[Result "1/2-1/2"]
[WhiteCountry "IND"]
[BlackCountry "CAN"]
[WhiteElo "2402"]
[WhiteRD "60"]
[BlackElo "1761"]
[BlackRD "77"]
[GameID "386931"]

1. c4 c5 2. Nf3 Nc6 3. Nc3 e6 4. g3 Nf6 5. Bg2 d5 6. cxd5 Nxd5 7. O-O Nxc3 8. dxc3 Qxd1 9. Rxd1 Bd7 10. Ng5 Nd8
11. Ne4 Bc6 12. Bf4 Bxe4 13. Bxe4 Be7 14. Kg2 Rc8 15. h4 O-O 16. Rd7 Bf6 17. Rad1 Nc6 18. Rxb7 Rfd8 19. Rxd8+ Nxd8 20. Rxa7 e5
21. Bc1 Ne6 22. a4 c4 23. Bd5 h6 24. a5 Nd8=
1/2-1/2

[Event "Master's Open turnament"]
[Site "SchemingMind.com"]
[Date "2015.09.03"]
[Round "-"]
[White "Ramesh Panwar"]
[Black "Queen "]
[Result "1/2-1/2"]
[WhiteCountry "IND"]
[BlackCountry "IND"]
[WhiteElo "2415"]
[WhiteRD "59"]
[BlackElo "2734"]
[BlackRD "322"]
[GameID "386972"]

1. c4 e5 2. Nc3 Nf6 3. Nf3 Nc6 4. g3 d5 5. cxd5 Nxd5 6. Bg2 Nb6 7. O-O Be7 8. d3 O-O 9. Be3 Be6 10. Rc1 f5
11. b4 a6 12. a3 Bf7 13. Nd2 a5 14. Bxb6 cxb6 15. b5 Nd4 16. e3 Bxa3 17. exd4 Bxc1 18. Qxc1 Qxd4 19. Bxb7 Rad8 20. Nf3 Qc5
21. Qc2 Bh5 22. Bc6 Bxf3 23. Bxf3 Kh8 24. Bc6 Rd4 25. Rc1 Rfd8 26. Nd5 R4xd5 27. Bxd5 Qxd5 28. Qc7 Qd4 29. Rc6 f4 30. Rxb6 fxg3
31. hxg3 Rf8 32. Rb8 Qxf2+ 33. Kh1 Qf1+ 34. Kh2 Qe2+ 35. Kg1 Qd1+ 36. Kh2 Qd2+ 37. Kh1=
1/2-1/2

[Event "Master's Open turnament"]
[Site "SchemingMind.com"]
[Date "2015.09.03"]
[Round "-"]
[White "Queen "]
[Black "Ramesh Panwar"]
[Result "1/2-1/2"]
[WhiteCountry "IND"]
[BlackCountry "IND"]
[WhiteElo "2734"]
[WhiteRD "322"]
[BlackElo "2415"]
[BlackRD "59"]
[GameID "386973"]

1. e4 c5 2. Nf3 d6 3. d4 cxd4 4. Nxd4 e5 5. Bb5+ Nd7 6. Nf5 a6 7. Ba4 b5 8. Bb3 Nc5 9. Bd5 Bxf5 10. exf5 Rc8
11. b4 Nd7 12. a4 Ngf6 13. axb5 axb5 14. O-O Be7 15. Na3 Qb6 16. Qd3 O-O 17. Rd1 Nxd5 18. Qxd5 Nf6 19. Qxb5 Qxb5 20. Nxb5 Rxc2
21. Nxd6 Rc6 22. Nb5 Bxb4 23. Be3 h6 24. h3 Rb8 25. Na7 Rc7 26. Rac1 Bc3 27. Rd3 Rb3 28. g4 Kh7 29. Kg2 e4 30. Rd6 Ba5
31. Rxc7 Bxc7 32. Rd1 Bb6 33. Bxb6 Rxb6 34. Nc8 Rb2 35. Nd6 e3 36. Rf1 Nd5 37. Nxf7 e2=
1/2-1/2

[Event "Master's Open turnament"]
[Site "SchemingMind.com"]
[Date "2015.09.04"]
[Round "-"]
[White "Greg Magne"]
[Black "opto"]
[Result "0-1"]
[WhiteCountry "CAN"]
[BlackCountry "CAN"]
[WhiteElo "1807"]
[WhiteRD "71"]
[BlackElo "1814"]
[BlackRD "77"]
[GameID "386994"]

1. e4 c5 2. Nf3 Nc6 3. b4 Nxb4 4. c3 Nc6 5. d4 cxd4 6. cxd4 e6 7. Bb2 Bb4+ 8. Nbd2 Nf6 9. Bd3 d6 10. O-O a6
11. d5 Ne5 12. Nxe5 dxe5 13. Qa4+ Bd7 14. Qxb4 b5 15. Bxe5 a5 16. Qd6 Qe7 17. Qb6 O-O 18. Bd6 Qd8 19. Qxd8 Rfxd8 20. dxe6 Bxe6
21. e5 Ne8 22. Bxb5 Nxd6 23. exd6 Rxd6 24. Ne4 Rd4 25. Ng3 Rb8 26. a4 g6 27. h3 Rb4 28. Rac1 Kg7 29. Rc3 Rb2 30. Rfc1 Rd8
31. R3c2 Rb4 32. Rc7 Ra8 33. Re7 Rb2 34. Bc4 Kf6 35. Rb7 Rxb7 36. Bxe6 fxe6 37. Ne4+ Ke5 38. Nc5 Rf7 39. Kh2 Kd5 40. Nd3 Kd4
41. Nc5 Rxf2 42. Nxe6+ Ke3 43. Rc5 Ra2 44. Re5+ Kf2 45. Nc5 Kf1 46. Re7 Rxg2+ 47. Kh1 Rf8 48. Rxh7 Rg1+ 49. Kh2 Rf2#
0-1

[Event "Master's Open turnament"]
[Site "SchemingMind.com"]
[Date "2015.09.04"]
[Round "-"]
[White "opto"]
[Black "Greg Magne"]
[Result "1-0"]
[WhiteCountry "CAN"]
[BlackCountry "CAN"]
[WhiteElo "1824"]
[WhiteRD "79"]
[BlackElo "1777"]
[BlackRD "73"]
[GameID "386995"]

1. e4 e5 2. Nf3 Nc6 3. Bb5 a6 4. Ba4 Nf6 5. O-O Be7 6. Re1 b5 7. Bb3 d6 8. h3 Na5 9. c3 Nxb3 10. axb3 O-O
11. Na3 Bb7 12. d3 Re8 13. Nc2 Bf8 14. Ne3 g6 15. Nf1 Bg7 16. N3h2 d5 17. Bg5 Qd6 18. Bxf6 Bxf6 19. Ng4 Bg7 20. Ng3 c5
21. h4 d4 22. c4 Reb8 23. Qd2 Bc8 24. Nh2 Rb6 25. h5 Rab8 26. Reb1 bxc4 27. bxc4 Qf6 28. Ra5 Bf8 29. f3 Qf4 30. Qxf4 exf4
31. Ne2 g5 32. Ra2 Rb3 33. Nc1 Rc3 34. b3 Be7 35. Rab2 a5 36. Ng4 a4 37. Ne5 Rb6 38. Ne2 Rcxb3 39. Rxb3 Rxb3 40. Ra1 Bd6
41. Ng4 a3 42. Nc1 Rb2 43. Nf6+ Kf8 44. Nxh7+ Ke7 45. Nxg5 f5 46. h6 fxe4 47. Nxe4 Bf5 48. Kh2 Kd7 49. Nf6+
1-0

[Event "Master's Open turnament"]
[Site "SchemingMind.com"]
[Date "2015.09.04"]
[Round "-"]
[White "Greg Magne"]
[Black "Stephen Woodhouse"]
[Result "1/2-1/2"]
[WhiteCountry "CAN"]
[BlackCountry "ENG"]
[WhiteElo "1777"]
[WhiteRD "73"]
[BlackElo "1935"]
[BlackRD "50"]
[GameID "386996"]

1. e4 e6 2. d4 d5 3. Nc3 Nf6 4. e5 Nfd7 5. f4 c5 6. Nf3 Nc6 7. Be3 cxd4 8. Nxd4 Bc5 9. Qd2 Nxd4 10. Bxd4 Bxd4
11. Qxd4 Qb6 12. Qxb6 Nxb6 13. Nb5 Ke7 14. O-O-O Bd7 15. Nd6 Rab8 16. Kb1 Nc8 17. Nxc8+ Rhxc8 18. b3 g6 19. g4 Rc5 20. Bg2 Rbc8
21. Rd2 a5 22. Rhd1 Bb5 23. f5 gxf5 24. gxf5 exf5 25. Bxd5 Bc6 26. Bxc6 R8xc6 27. c4 Rxe5 28. Rd7+ Kf6 29. Rxb7 f4 30. Rdd7 Kf5
31. Rxf7+ Rf6 32. Rxf6+ Kxf6 33. Rb8 Kf5 34. Rf8+ Ke4 35. Kc2 Kf3 36. Kd3 Re1 37. c5 Rd1+ 38. Kc4 Ke3 39. c6 f3 40. Kb5 Rc1
41. Kb6 f2 42. c7 Ke2 43. Kb7 f1=Q 44. Rxf1 Kxf1 45. c8=Q Rxc8 46. Kxc8 Kg2 47. h4 h5 48. Kb7 Kg3 49. Kb6 Kxh4 50. Kxa5 Kg5
51. b4 h4 52. b5 h3 53. b6 h2 54. b7 h1=Q 55. b8=Q Kf6 56. Ka6 Ke6 57. a4 Qa1 58. a5 Kd7 59. Qb7+ Kd8 60. Qb6+ Kc8
61. Qc6+ Kd8 62. Kb6 Qb2+ 63. Ka7 Qg7+ 64. Qb7 Qc7 65. a6 Qc5+ 66. Qb6+ Qc7+ 67. Qb7 Qc5+ 68. Kb8 Qd6+ 69. Ka8 Qc7 70. a7 Qc8+
71. Qb8=
1/2-1/2

[Event "Master's Open turnament"]
[Site "SchemingMind.com"]
[Date "2015.09.06"]
[Round "-"]
[White "Stephen Woodhouse"]
[Black "Greg Magne"]
[Result "1-0"]
[WhiteCountry "ENG"]
[BlackCountry "CAN"]
[WhiteElo "1881"]
[WhiteRD "49"]
[BlackElo "1845"]
[BlackRD "73"]
[GameID "386997"]

1. e4 c5 2. c3 Nf6 3. e5 Nd5 4. d4 cxd4 5. Nf3 Nc6 6. cxd4 d6 7. Bc4 Nb6 8. Bb5 Bd7 9. Nc3 g6 10. exd6 exd6
11. O-O Bg7 12. Re1+ Kf8 13. Bg5 Qc7 14. Rc1 h6 15. Bh4 Kg8 16. Bg3 a6 17. Bxc6 bxc6 18. Ne4 Nc8 19. b3 Kh7 20. d5 Rd8
21. Nd4 Bxd4 22. Qxd4 Qa7 23. Nf6+ Kh8 24. Qc3 Bf5 25. Nh5+ Kg8 26. Qg7#
1-0

[Event "Master's Open turnament"]
[Site "SchemingMind.com"]
[Date "2015.09.04"]
[Round "-"]
[White "Greg Magne"]
[Black "Ramesh Panwar"]
[Result "0-1"]
[WhiteCountry "CAN"]
[BlackCountry "IND"]
[WhiteElo "1845"]
[WhiteRD "73"]
[BlackElo "2402"]
[BlackRD "60"]
[GameID "386998"]

1. d4 Nf6 2. c4 e6 3. Nc3 Bb4 4. Qc2 d5 5. e3 c5 6. a3 Bxc3+ 7. bxc3 O-O 8. Nf3 b6 9. Bd3 Ba6 10. cxd5 Bxd3
11. Qxd3 Qxd5 12. O-O Nc6 13. Re1 Qe4 14. Qxe4 Nxe4 15. Bb2 Rfd8 16. h3 Na5 17. Ne5 f6 18. f3 fxe5 19. fxe4 Rac8 20. Rad1 Nc4
21. Bc1 Nd6 22. d5 Nxe4 23. dxe6 Kf8 24. Rd7 Rxd7 25. exd7 Rd8
0-1

[Event "Master's Open turnament"]
[Site "SchemingMind.com"]
[Date "2015.09.04"]
[Round "-"]
[White "Ramesh Panwar"]
[Black "Greg Magne"]
[Result "1/2-1/2"]
[WhiteCountry "IND"]
[BlackCountry "CAN"]
[WhiteElo "2402"]
[WhiteRD "60"]
[BlackElo "1845"]
[BlackRD "73"]
[GameID "386999"]

1. c4 e5 2. Nc3 f5 3. e3 Nf6 4. d4 exd4 5. exd4 Nc6 6. Nf3 Be7 7. d5 Nb8 8. Bd3 d6 9. O-O O-O 10. Nd4 Ng4
11. Nxf5 Bxf5 12. Bxf5 Rxf5 13. Qxg4 Rf7 14. Be3 Nd7 15. Rae1 Ne5 16. Qe2=
1/2-1/2

[Event "Master's Open turnament"]
[Site "SchemingMind.com"]
[Date "2015.09.04"]
[Round "-"]
[White "Kid A"]
[Black "Greg Magne"]
[Result "1-0"]
[WhiteCountry "FIN"]
[BlackCountry "CAN"]
[WhiteElo "1843"]
[WhiteRD "73"]
[BlackElo "1777"]
[BlackRD "73"]
[GameID "387030"]

1. e4 c5 2. d4 cxd4 3. c3 dxc3 4. Nxc3 Nc6 5. Nf3 d6 6. Bc4 Nf6 7. O-O Bg4 8. h3 Bh5 9. Bf4 e5 10. Be3 Be7
11. Qb3 Qd7 12. Ng5 O-O 13. Be2 Bg6 14. Bd3 h6 15. Nf3 a6 16. Bb6 Rfc8 17. Nd5 Nxd5 18. exd5 Nd4 19. Nxd4 exd4 20. Bxg6 fxg6
21. Bxd4 b5 22. Rfe1 Rc4 23. Rad1 Rac8 24. Re6 g5 25. Qe3 Bf8 26. a3 b4 27. b3 Rc2 28. a4 a5 29. Qd3 Qb7 30. Qf5 Qf7
31. Qd3 Ra2 32. Qb1 Rcc2 33. Kh2 Qf4+ 34. Kh1 g4 35. hxg4 Qxg4 36. Be3 Rxf2 37. Bxf2 Rxf2 38. Rg6 Qh5+ 39. Kg1 Rb2 40. Qd3 Rxb3
41. Qxb3 Qxg6 42. Qe3 Qf5 43. Qe6+ Qxe6 44. dxe6 Be7 45. Rd5
1-0

[Event "Master's Open turnament"]
[Site "SchemingMind.com"]
[Date "2015.09.04"]
[Round "-"]
[White "Greg Magne"]
[Black "Kid A"]
[Result "1-0"]
[WhiteCountry "CAN"]
[BlackCountry "FIN"]
[WhiteElo "1807"]
[WhiteRD "71"]
[BlackElo "1851"]
[BlackRD "76"]
[GameID "387031"]

1. e4 e5 2. Nf3 Nc6 3. Bb5 a6 4. Ba4 Nf6 5. O-O Be7 6. Re1 b5 7. Bb3 O-O 8. c3 d5 9. exd5 Nxd5 10. Nxe5 Nxe5
11. Rxe5 c6 12. d4 Bd6 13. Re2 Qh4 14. g3 Qh5 15. Re4 Qh3 16. Qf1 Qh5 17. Bd1 Qg6 18. Nd2 Bf4 19. Bf3 Bf5 20. Re1 Rfe8
21. Nb3 Bd6 22. Rxe8+ Rxe8 23. Bd2 Nf4 24. Bxf4 Bxf4 25. Re1 Rc8 26. Nc5 h6 27. Nxa6 Ra8 28. Nb4
1-0

[Event "Master's Open turnament"]
[Site "SchemingMind.com"]
[Date "2015.09.04"]
[Round "-"]
[White "Kid A"]
[Black "opto"]
[Result "1-0"]
[WhiteCountry "FIN"]
[BlackCountry "CAN"]
[WhiteElo "1839"]
[WhiteRD "76"]
[BlackElo "1761"]
[BlackRD "77"]
[GameID "387032"]

1. e4 c5 2. Nf3 Nc6 3. d4 cxd4 4. c3 Nf6 5. e5 Nd5 6. cxd4 d6 7. Bc4 Nb6 8. Bb5 a6 9. Bxc6+ bxc6 10. O-O Bg4
11. h3 Bh5 12. exd6 Qxd6 13. Nc3 e6 14. Ne4 Qd5 15. Nc3 Qd6 16. Qb3 Rb8 17. Ne4 Qc7 18. Ne5 Nd5 19. Qc4 Rb4 20. Qxa6 Rxd4
21. Ng3 Qxe5 22. Qxc6+ Kd8 23. Nxh5 Qxh5 24. Qa8+ Ke7 25. Qa7+ Ke8 26. Qxd4 Be7 27. Qa4+ Kd8 28. Qa8+ Kd7 29. Qxh8 Bf6 30. Qa8 Be5
31. Qb7+ Bc7 32. Qb5+ Ke7 33. Be3 Qe5 34. Bc5+ Kf6 35. f4 Qe4 36. Rae1 Qc2 37. f5
1-0

[Event "Master's Open turnament"]
[Site "SchemingMind.com"]
[Date "2015.09.04"]
[Round "-"]
[White "opto"]
[Black "Kid A"]
[Result "0-1"]
[WhiteCountry "CAN"]
[BlackCountry "FIN"]
[WhiteElo "1761"]
[WhiteRD "77"]
[BlackElo "1839"]
[BlackRD "76"]
[GameID "387033"]

1. e4 e5 2. Nf3 Nc6 3. Bb5 a6 4. Ba4 Nf6 5. O-O Be7 6. Bxc6 dxc6 7. Nxe5 Qd4 8. Nf3 Qxe4 9. Re1 Qg6 10. Qe2 Be6
11. d3 O-O 12. Nc3 Rfe8 13. Kh1 Bc5 14. Be3 Bg4 15. Qd1 Bd6 16. Bd2 Qh5 17. Rxe8+ Rxe8 18. Qg1 Bxf3 19. gxf3 Qxf3+ 20. Qg2 Qg4
21. Rg1 Qxg2+ 22. Rxg2 Nd5 23. Ne4 Be5 24. c3 f5 25. Nc5 b5 26. d4 Bf4 27. Bxf4 Nxf4 28. Rg1 a5 29. Nd7 Re2 30. Rb1 Rxf2
31. Ne5 c5 32. dxc5 Ne6 33. c6 Re2 34. Nd7 Kf7 35. Kg1 Ng5 36. Nc5 Nf3+
0-1

[Event "Master's Open turnament"]
[Site "SchemingMind.com"]
[Date "2015.09.04"]
[Round "-"]
[White "Kid A"]
[Black "Stephen Woodhouse"]
[Result "1-0"]
[WhiteCountry "FIN"]
[BlackCountry "ENG"]
[WhiteElo "1839"]
[WhiteRD "76"]
[BlackElo "1881"]
[BlackRD "49"]
[GameID "387034"]

1. e4 e6 2. d4 d5 3. Nc3 Nf6 4. e5 Nfd7 5. f4 c5 6. dxc5 Bxc5 7. Qg4 g6 8. Bd3 Nc6 9. a3 h5 10. Qg3 a6
11. Nf3 b5 12. Bxg6 fxg6 13. Qxg6+ Kf8 14. Ng5 Qe7 15. Nxe6+
1-0

[Event "Master's Open turnament"]
[Site "SchemingMind.com"]
[Date "2015.09.05"]
[Round "-"]
[White "Stephen Woodhouse"]
[Black "Kid A"]
[Result "1/2-1/2"]
[WhiteCountry "ENG"]
[BlackCountry "FIN"]
[WhiteElo "1927"]
[WhiteRD "48"]
[BlackElo "1851"]
[BlackRD "76"]
[GameID "387035"]

1. e4 e5 2. Nf3 Nc6 3. d4 exd4 4. Nxd4 Nf6 5. Nc3 d6 6. Bb5 Bd7 7. Bg5 Be7 8. O-O O-O 9. Bxc6 bxc6 10. Qd3 Rb8
11. b3 h6 12. Bh4 Ng4 13. Bxe7 Qxe7 14. f4 Qh4 15. h3 Nf6 16. Kh2 c5 17. Nde2 Rfe8 18. Ng3 Rb4 19. Rae1 Bc6 20. Nd5 Bxd5
21. exd5 Rxe1 22. Rxe1 Qxf4 23. Re7 Rd4 24. Qe3 Qxe3 25. Rxe3 Rxd5 26. Re7 Rd2 27. Rxc7 a5 28. Ra7 Rxc2 29. Rxa5 d5 30. Kg1 d4
31. a4 d3 32. Ra8+ Kh7 33. Rd8 d2 34. Kh2 Kg6 35. a5 Ra2 36. a6 Ne8 37. Ne4 Rxa6 38. Rxd2 Nf6 39. Nxc5 Rb6 40. Rb2 Nd5
41. Kg3 f5 42. Kf3 Rb5 43. Nd3 Kf6 44. Nf4 Nxf4 45. Kxf4 g5+ 46. Ke3 Ke5 47. b4 Kd5=
1/2-1/2

[Event "Master's Open turnament"]
[Site "SchemingMind.com"]
[Date "2015.09.04"]
[Round "-"]
[White "Kid A"]
[Black "Ramesh Panwar"]
[Result "0-1"]
[WhiteCountry "FIN"]
[BlackCountry "IND"]
[WhiteElo "1839"]
[WhiteRD "76"]
[BlackElo "2402"]
[BlackRD "60"]
[GameID "387036"]

1. e4 e5 2. Nf3 Nc6 3. Nc3 Nf6 4. Bb5 Bb4 5. O-O O-O 6. Re1 Re8 7. d3 Nd4 8. Bc4 b5 9. Bb3 d5 10. exd5 Bg4
11. Be3 Bxf3 12. gxf3 a5 13. a3 Bxc3 14. bxc3 Nxb3 15. cxb3 Nxd5 16. Qd2 Ra6 17. Kf1 Qc8 18. Ke2 Qf5 19. Rg1 Nf4+ 20. Bxf4 exf4+
21. Kd1 Rd6 22. d4 Rde6 23. Rg4 Qd5
0-1

[Event "Master's Open turnament"]
[Site "SchemingMind.com"]
[Date "2015.09.04"]
[Round "-"]
[White "Ramesh Panwar"]
[Black "Kid A"]
[Result "1-0"]
[WhiteCountry "IND"]
[BlackCountry "FIN"]
[WhiteElo "2402"]
[WhiteRD "60"]
[BlackElo "1839"]
[BlackRD "76"]
[GameID "387037"]

1. c4 c5 2. Nc3 Nc6 3. e3 Nf6 4. Nf3 e6 5. Be2 d5 6. d4 Be7 7. dxc5 Bxc5 8. a3 a5 9. O-O O-O 10. Qc2 b6
11. Rd1 Bb7 12. cxd5 exd5 13. b3 Re8 14. Bb2 Qd6 15. Na4 Ne4 16. Rac1 Bxa3 17. Bxa3 Qxa3 18. Nxb6 Rad8 19. Bb5 Re6 20. Nxd5 Rc8
21. Nd4
1-0

[Event "Master's Open turnament"]
[Site "SchemingMind.com"]
[Date "2015.09.04"]
[Round "-"]
[White "Kid A"]
[Black "Mike Smith"]
[Result "1/2-1/2"]
[WhiteCountry "FIN"]
[BlackCountry "ENG"]
[WhiteElo "1851"]
[WhiteRD "76"]
[BlackElo "2036"]
[BlackRD "84"]
[GameID "387041"]

1. e4 c5 2. Nf3 Nc6 3. d4 cxd4 4. c3 Nf6 5. e5 Nd5 6. cxd4 d6 7. Bc4 Nb6 8. Bb5 Bg4 9. d5 a6 10. dxc6 axb5
11. cxb7 Rb8 12. exd6 exd6 13. O-O Rxb7 14. h3 Be6 15. Nd4 Be7 16. Re1 Qd7 17. Nc3 b4 18. Ne4 O-O 19. Bg5 d5 20. Bxe7 Qxe7
21. Ng3 Qf6 22. Nh5 Qh4 23. Ng3 Qf4 24. Nh5 Qd6 25. Rc1 Rc8 26. Rxc8+ Nxc8 27. Nxe6 fxe6 28. Qg4 Rc7 29. Qxe6+ Qxe6 30. Rxe6 Rc1+
31. Kh2 Rc2 32. a4 Kf7 33. Re5 Rxf2 34. Rxd5 g6 35. Rd8 Ne7 36. Ng3 Rxb2 37. a5 Ra2 38. Rd7 Ke6 39. Rb7 Nc6 40. Ne4 Rxa5
41. Kg3 Kd5 42. Nf6+ Kc4 43. Rxh7 b3 44. Rc7 Ra6 45. Ne4 b2 46. Rb7 Nb4 47. Nd2+ Kc3 48. Ne4+ Kc4=
1/2-1/2

[Event "Master's Open turnament"]
[Site "SchemingMind.com"]
[Date "2015.09.04"]
[Round "-"]
[White "Mike Smith"]
[Black "Kid A"]
[Result "1-0"]
[WhiteCountry "ENG"]
[BlackCountry "FIN"]
[WhiteElo "2029"]
[WhiteRD "89"]
[BlackElo "1839"]
[BlackRD "76"]
[GameID "387042"]

1. c4 c5 2. Nf3 Nf6 3. Nc3 Nc6 4. g3 e6 5. Bg2 d5 6. cxd5 exd5 7. d4 Be7 8. O-O O-O 9. Bg5 Be6 10. dxc5 Qa5
11. Rc1 h6 12. Bf4 Bxc5 13. a3 Be7 14. Nd4 Nxd4 15. Qxd4 Rac8 16. e4 Rc4 17. Qd2 d4 18. Nd5
1-0

[Event "Master's Open turnament"]
[Site "SchemingMind.com"]
[Date "2015.09.04"]
[Round "-"]
[White "Greg Magne"]
[Black "Mike Smith"]
[Result "0-1"]
[WhiteCountry "CAN"]
[BlackCountry "ENG"]
[WhiteElo "1807"]
[WhiteRD "71"]
[BlackElo "2036"]
[BlackRD "84"]
[GameID "387043"]

1. e4 c5 2. Nf3 Nc6 3. d4 cxd4 4. Nxd4 Nf6 5. Nc3 e5 6. Ndb5 d6 7. Bg5 a6 8. Na3 b5 9. Nd5 Be7 10. Bxf6 Bxf6
11. c3 O-O 12. Nc2 Bg5 13. h4 Bh6 14. Nce3 Bxe3 15. Nxe3 Ne7 16. Nd5 Bb7 17. Be2 f5 18. Qb3 Nxd5 19. exd5 Rc8 20. O-O-O Rc5
21. Kb1 Qa8 22. Rh3 Bxd5 23. Qc2 Bxg2 24. Rg3 Be4 25. Bd3 Rd5 26. Bxe4 Rxd1+ 27. Qxd1 Qxe4+ 28. Ka1 Rf6 29. a3 f4 30. Rg4 d5
31. Qg1 Rg6
0-1

[Event "Master's Open turnament"]
[Site "SchemingMind.com"]
[Date "2015.09.06"]
[Round "-"]
[White "Mike Smith"]
[Black "Greg Magne"]
[Result "1-0"]
[WhiteCountry "ENG"]
[BlackCountry "CAN"]
[WhiteElo "2036"]
[WhiteRD "84"]
[BlackElo "1807"]
[BlackRD "71"]
[GameID "387044"]

1. Nf3 Nf6 2. c4 g6 3. Nc3 Bg7 4. e4 d6 5. g3 O-O 6. Bg2 Nc6 7. d4 e5 8. d5 Ne7 9. Be3 Nd7 10. Qe2 f5
11. exf5 gxf5 12. O-O-O Nf6 13. Kb1 Bd7 14. h4 a6 15. h5 h6 16. Qd2 Kh7 17. Nh4 b5 18. c5 b4 19. Ne2 e4 20. Nf4 Ng4
21. cxd6 cxd6 22. Nhg6 Rf7 23. Bd4 Ne5 24. Qxb4 Be8 25. Ne6 Nxd5 26. Qb3
1-0

[Event "Master's Open turnament"]
[Site "SchemingMind.com"]
[Date "2015.09.04"]
[Round "-"]
[White "opto"]
[Black "Mike Smith"]
[Result "0-1"]
[WhiteCountry "CAN"]
[BlackCountry "ENG"]
[WhiteElo "1814"]
[WhiteRD "77"]
[BlackElo "2036"]
[BlackRD "84"]
[GameID "387045"]

1. e4 e6 2. d4 d5 3. exd5 exd5 4. Nf3 Bd6 5. c4 Nf6 6. c5 Be7 7. Bd3 Bg4 8. O-O Nc6 9. Bb5 O-O 10. Bxc6 bxc6
11. Qd3 Bxf3 12. Qxf3 Ne4 13. Nd2 f5 14. Re1 Qd7 15. Nf1 Bf6 16. Be3 f4 17. Bxf4 Bxd4 18. Rxe4 dxe4 19. Qxe4 Rae8 20. Qf3 Qf7
21. g3 Bxc5 22. Qxc6 Bd6 23. Be3 a5 24. b3 Qf6 25. Rc1 Kh8 26. Bc5 Re2 27. Be3 Rxa2 28. Rc2 Rxc2 29. Qxc2 Rb8 30. Nd2 Qa1+
31. Kg2 Qe5 32. Nc4 Qb5 33. Ba7 Qb7+ 34. f3 Qxa7 35. Qf5 Rf8 36. Qd7 Qb7 37. Nxd6 Qxf3+ 38. Kh3 Qf1+ 39. Kh4 Qf6+
0-1

[Event "Master's Open turnament"]
[Site "SchemingMind.com"]
[Date "2015.09.04"]
[Round "-"]
[White "Mike Smith"]
[Black "opto"]
[Result "1-0"]
[WhiteCountry "ENG"]
[BlackCountry "CAN"]
[WhiteElo "2029"]
[WhiteRD "89"]
[BlackElo "1761"]
[BlackRD "77"]
[GameID "387046"]

1. d4 d5 2. c4 Nf6 3. Nc3 e6 4. Nf3 Bb4 5. Bg5 h6 6. Bxf6 Bxc3+ 7. bxc3 Qxf6 8. e3 O-O 9. Bd3 b6 10. cxd5 exd5
11. O-O Ba6 12. Ne5 Bxd3 13. Qxd3 Rd8 14. e4 Nc6 15. f4 dxe4 16. Qxe4 Ne7 17. f5 Re8 18. Rae1 Qd6 19. f6 gxf6 20. Qg4+ Kh7
21. Nxf7 f5 22. Nxd6 fxg4 23. Nxe8 Rxe8 24. Rf7+
1-0

[Event "Master's Open turnament"]
[Site "SchemingMind.com"]
[Date "2015.09.04"]
[Round "-"]
[White "Mike Smith"]
[Black "Stephen Woodhouse"]
[Result "1-0"]
[WhiteCountry "ENG"]
[BlackCountry "ENG"]
[WhiteElo "2029"]
[WhiteRD "89"]
[BlackElo "1881"]
[BlackRD "49"]
[GameID "387047"]

1. c4 e6 2. Nc3 d5 3. d4 c5 4. cxd5 exd5 5. Nf3 Nc6 6. g3 Nf6 7. Bg2 Be7 8. O-O O-O 9. Bg5 c4 10. Ne5 Be6
11. e3 h6 12. Bxf6 Bxf6 13. f4 Ne7 14. g4 b5 15. f5 Bc8 16. e4 dxe4 17. Nxe4 Bxe5 18. dxe5 Rb8 19. Qd6 Bb7 20. f6 Nd5
21. fxg7 Qxd6 22. Nxd6 Kxg7 23. Nxb7 Ne3 24. Nd6 Nxf1 25. Rxf1 Rb6 26. Bd5 f6 27. Nf5+ Kg6 28. e6 Kg5 29. e7 Re8 30. Bf7
1-0